Central Library OPAC University of Rajshahi

The story of English / (Record no. 50520)

MARC details
000 -LEADER
fixed length control field 00686nam a22002412a 4500
001 - CONTROL NUMBER
control field 50520
003 - CONTROL NUMBER IDENTIFIER
rucl marc code BD-RjUL
005 - DATE AND TIME OF LATEST TRANSACTION
control field 20211209075525.0
008 - FIXED-LENGTH DATA ELEMENTS--GENERAL INFORMATION
fixed length control field 160827s1953 enk b 001 0 eng d
035 ## - SYSTEM CONTROL NUMBER
System control number (BD-RjUL)50640
040 ## - CATALOGING SOURCE
Original cataloging agency CTL
Transcribing agency CTL
Modifying agency UKM
-- OCL
-- EQO
-- BD-RjUL
Language of cataloging eng
041 ## - LANGUAGE CODE
Language code of text/sound track or separate title eng
082 ## - DEWEY DECIMAL CLASSIFICATION NUMBER
Classification number 420.9
Edition number 18
Author mark and year PES 1953
090 ## - LOCALLY ASSIGNED LC-TYPE CALL NUMBER (OCLC); LOCAL CALL NUMBER (OCLC)
Classification number (OCLC) (R) ; Classification number, CALL (RLIN) (NR) PE1075
Local cutter number (OCLC) ; Book number/undivided call number, CALL (RLIN) .P4 1953
100 1# - MAIN ENTRY--PERSONAL NAME
Personal name Pei, Mario,
Dates associated with a name 1901-1978
9 (RLIN) 151332
245 14 - TITLE STATEMENT
Title The story of English /
Statement of responsibility, etc. by Mario Pei.
260 ## - PUBLICATION, DISTRIBUTION, ETC. (IMPRINT)
Place of publication, distribution, etc. London :
Name of publisher, distributor, etc. G. Allen & Unwin,
Date of publication, distribution, etc. 1953.
300 ## - PHYSICAL DESCRIPTION
Pagination 381 p. ;
Size 22 cm.
500 ## - GENERAL NOTE
General note Includes index.
504 ## - BIBLIOGRAPHY, ETC. NOTE
Bibliography, etc Bibliography: p. 353-357.
650 #0 - SUBJECT ADDED ENTRY--TOPICAL TERM
Topical term or geographic name as entry element English language
General subdivision History.
9 (RLIN) 133971
942 ## - ADDED ENTRY ELEMENTS (KOHA)
Source of classification or shelving scheme Dewey Decimal Classification
Koha item type Books
Holdings
Lost status Source of classification or shelving scheme Damaged status Not for loan Collection code Permanent Location Current Location Shelving location Date acquired Source of acquisition Cost, normal purchase price Total Checkouts Full call number Date last seen Copy number Koha item type
  Dewey Decimal Classification     Non-fiction Central Library, University of Rajshahi Central Library, University of Rajshahi   06/04/1956 A.B.C 17.00   420.9 PES 1953 27/08/2016 C-2 Books
  Dewey Decimal Classification     Non-fiction Central Library, University of Rajshahi Central Library, University of Rajshahi   06/04/1956 A.B.C 17.00   420.9 PES 1953 27/08/2016 C-3 Books
  Dewey Decimal Classification     Non-fiction Central Library, University of Rajshahi Central Library, University of Rajshahi   06/04/1956 A.B.C 17.00   420.9 PES 1953 27/08/2016 C-4 Books
  Dewey Decimal Classification   Not For Loan Non-fiction Central Library, University of Rajshahi Central Library, University of Rajshahi Reading Room 07/02/1955 U.B.D., Rajshahi     420.9 PES 1953 16/01/2017 C-1 Books